[Event "Klatovy op-C 29th"]
[Site "Klatovy"]
[Date "2023.07.06"]
[Round "6"]
[White "Stanke, Vilem"]
[Black "Novy, Jaroslav"]
[Result "1/2-1/2"]
[WhiteElo "1306"]
[BlackElo "1482"]
[PlyCount "30"]
[EventDate "2023.07.01"]
[EventType "swiss"]
[EventRounds "9"]
[EventCountry "CZE"]
[SourceTitle "CBM 215 Extra"]
[Source "ChessBase"]
[SourceDate "2023.09.30"]
[SourceVersion "1"]
[SourceVersionDate "2023.09.30"]
[SourceQuality "1"]

1. e4 e6 2. d4 d5 3. exd5 exd5 4. Bd3 Bd6 5. Nf3 Nf6 6. Nc3 Nc6 7. 0-0 0-0 8. Bg5 Bg4 9. Nxd5 Nxd4 10. Bxh7+ Kh8 11. Qxd4 Bxh2+ 12. Kxh2 Bxf3 13. gxf3 Qd6+ 14. Bf4 Qxd5 15. Qxd5 Nxd5 1/2-1/2

[Event "Klatovy op-C 29th"]
[Site "Klatovy"]
[Date "2023.07.01"]
[Round "1"]
[White "Stanke, Vilem"]
[Black "Hlavac, Rudolf"]
[Result "0-1"]
[WhiteElo "1306"]
[BlackElo "1845"]
[PlyCount "96"]
[EventDate "2023.07.01"]
[EventType "swiss"]
[EventRounds "9"]
[EventCountry "CZE"]
[SourceTitle "CBM 215 Extra"]
[Source "ChessBase"]
[SourceDate "2023.09.30"]
[SourceVersion "1"]
[SourceVersionDate "2023.09.30"]
[SourceQuality "1"]

1. e4 e5 2. Nf3 Nc6 3. d4 exd4 4. Nxd4 Nf6 5. Nxc6 bxc6 6. Nc3 Bb4 7. Bd3 0-0 8. 0-0 d5 9. Bd2 Qd6 10. Qf3 Bg4 11. Qf4 Qxf4 12. Bxf4 Bxc3 13. bxc3 dxe4 14. Ba6 Nd5 15. Be5 Rfe8 16. Bd4 Re6 17. Bc4 Re7 18. Bb3 h6 19. c4 Nf4 20. Be3 Ng6 21. Rfe1 Kh7 22. Bc5 Ree8 23. Ba4 Re6 24. Bb3 f5 25. h3 Bh5 26. f3 Nf4 27. Be3 g5 28. c5 Nd5 29. g4 Bg6 30. Bd4 Rae8 31. fxe4 Rxe4 32. Rxe4 Rxe4 33. c3 fxg4 34. hxg4 Rxg4+ 35. Kf2 Rf4+ 36. Kg3 h5 37. Re1 h4+ 38. Kh2 Re4 39. Rf1 Nf4 40. Bd1 Kh6 41. Bf3 Re6 42. Bg4 Re7 43. Rf2 Re1 44. Bf3 Be4 45. Bxe4 Rxe4 46. Rb2 g4 47. Rb7 g3+ 48. Kg1 Re1# 0-1

[Event "CZE-ch Betsys Online Blitz"]
[Site "Chess.com INT"]
[Date "2021.04.17"]
[Round "10"]
[White "Kusova, Nikola"]
[Black "Stanke, Vilem"]
[Result "0-1"]
[WhiteElo "1339"]
[BlackElo "1342"]
[PlyCount "38"]
[EventDate "2021.04.17"]
[EventType "swiss (blitz)"]
[EventRounds "13"]
[EventCountry "CZE"]
[SourceTitle "CBM 201 Extra"]
[Source "ChessBase"]
[SourceDate "2021.05.31"]
[SourceVersion "1"]
[SourceVersionDate "2021.05.31"]
[SourceQuality "1"]

1. e4 e5 2. Nf3 Nc6 3. d4 exd4 4. Bc4 Be7 5. 0-0 a6 6. Nxd4 Nxd4 7. Qxd4 Nf6 8. e5 c5 9. Qh4 Nd5 10. Bxd5 Bxh4 11. Nc3 0-0 12. Re1 d6 13. exd6 Qxd6 14. Re4 Bf6 15. Bf4 Qb6 16. Rae1 Bf5 17. R4e3 Qxb2 18. Nd1 Qxc2 19. Bb3 Qd2 0-1

[Event "CZE-ch Betsys Online Blitz"]
[Site "Chess.com INT"]
[Date "2021.04.17"]
[Round "7"]
[White "Prochazka, Matej"]
[Black "Stanke, Vilem"]
[Result "0-1"]
[WhiteElo "1126"]
[BlackElo "1342"]
[PlyCount "92"]
[EventDate "2021.04.17"]
[EventType "swiss (blitz)"]
[EventRounds "13"]
[EventCountry "CZE"]
[SourceTitle "CBM 201 Extra"]
[Source "ChessBase"]
[SourceDate "2021.05.31"]
[SourceVersion "1"]
[SourceVersionDate "2021.05.31"]
[SourceQuality "1"]

1. e4 e5 2. Nf3 Nc6 3. d4 exd4 4. Nxd4 Bc5 5. Be3 Qf6 6. c3 Nge7 7. Bc4 0-0 8. 0-0 a6 9. Nxc6 Bxe3 10. Nxe7+ Qxe7 11. fxe3 b5 12. Bd3 Bb7 13. Qg4 c5 14. Qh3 Bc8 15. e5 h6 16. Qf5 g6 17. Qh3 d6 18. exd6 Bxh3 19. dxe7 Rfc8 20. gxh3 Re8 21. Nd2 Rxe7 22. Nf3 Rxe3 23. Ne1 Rd8 24. Rd1 Rxh3 25. Rf3 Rh4 26. Bc2 Rxd1 27. Bxd1 Re4 28. Nd3 Rg4+ 29. Rg3 Re4 30. Kg2 c4 31. Nc5 Re1 32. Bf3 Ra1 33. a3 Ra2 34. Nd7 Rxb2+ 35. Kh3 Rb3 36. Bd5 Rxa3 37. Nf6+ Kg7 38. Ne8+ Kf8 39. Rf3 b4 40. Bxf7 Ke7 41. Bxg6 bxc3 42. Rf7+ Kxe8 43. Rc7+ Kd8 44. Rxc4 a5 45. Kg4 a4 46. Bc2 Ra2 0-1

[Event "Klatovy op-B 24th"]
[Site "Klatovy"]
[Date "2018.07.05"]
[Round "6"]
[White "Safarova, Magdalena"]
[Black "Stanke, Vilem"]
[Result "0-1"]
[WhiteElo "1172"]
[BlackElo "1366"]
[PlyCount "44"]
[EventDate "2018.06.30"]
[EventType "swiss"]
[EventRounds "9"]
[EventCountry "CZE"]
[SourceTitle "EXT 2019"]
[Source "ChessBase"]
[SourceDate "2018.10.10"]
[SourceVersion "1"]
[SourceVersionDate "2018.10.10"]
[SourceQuality "1"]

1. e4 e5 2. Nf3 Nc6 3. d4 exd4 4. Nxd4 Bc5 5. Be3 Qf6 6. c3 Nge7 7. Bc4 Ne5 8. Bb3 d6 9. 0-0 Qg6 10. Nf3 Bxe3 11. fxe3 Qxe4 12. Ng5 Qxe3+ 13. Kh1 Qxg5 14. Qe2 Bf5 15. Nd2 Bd3 16. Bxf7+ Kd8 17. Qf2 Bxf1 18. Rxf1 Rf8 19. Be6 Rxf2 20. Rxf2 N5g6 21. h3 Qe3 22. Rf7 Qxe6 0-1

[Event "Klatovy op-B 24th"]
[Site "Klatovy"]
[Date "2018.07.04"]
[Round "5"]
[White "Stanke, Vilem"]
[Black "Jelinek, Frantisek"]
[Result "1/2-1/2"]
[WhiteElo "1366"]
[BlackElo "1039"]
[PlyCount "96"]
[EventDate "2018.06.30"]
[EventType "swiss"]
[EventRounds "9"]
[EventCountry "CZE"]
[SourceTitle "CBM 185 Extra"]
[Source "ChessBase"]
[SourceDate "2018.07.29"]
[SourceVersion "1"]
[SourceVersionDate "2018.07.29"]
[SourceQuality "1"]

1. e4 c5 2. Nf3 d6 3. d4 cxd4 4. Nxd4 Nf6 5. Nc3 Nc6 6. Be3 g6 7. Be2 Bg7 8. 0-0 0-0 9. Qd2 Bd7 10. Bh6 Bxh6 11. Qxh6 Nxd4 12. Bd3 Qb6 13. b3 Qc5 14. Qd2 Rac8 15. Ne2 Nxe2+ 16. Qxe2 Qh5 17. f3 Rc3 18. Qd2 Qc5+ 19. Kh1 Rc8 20. Rfe1 e6 21. Bc4 Rxc4 22. bxc4 Qxc4 23. Qxd6 Qc5 24. Qf4 Nh5 25. Qd2 Ba4 26. Re2 Qc3 27. Rc1 Qc4 28. Ra1 Qxc2 29. Qxc2 Rxc2 30. Rxc2 Bxc2 31. Rc1 Ba4 32. Rc7 Bc6 33. a4 Bxa4 34. Rxb7 a6 35. Rb6 Bb5 36. g3 Nf6 37. Kg2 Kg7 38. Kf2 Nd7 39. Rb7 Nc5 40. Rb6 Kf6 41. Ke3 Nd7 42. Rb7 Ne5 43. h3 Nc4+ 44. Kd4 Nd2 45. e5+ Kg7 46. f4 Ne4 47. Rxb5 axb5 48. Kxe4 f6 1/2-1/2

[Event "Klatovy op-B 23rd"]
[Site "Klatovy"]
[Date "2017.07.06"]
[Round "6"]
[White "Stanke, Vilem"]
[Black "Roskovec, Bedrich"]
[Result "1/2-1/2"]
[WhiteElo "1334"]
[BlackElo "1585"]
[PlyCount "98"]
[EventDate "2017.07.01"]
[EventType "swiss"]
[EventRounds "9"]
[EventCountry "CZE"]
[SourceTitle "EXT 2018"]
[Source "ChessBase"]
[SourceDate "2017.10.13"]
[SourceVersion "1"]
[SourceVersionDate "2017.10.13"]
[SourceQuality "1"]

1. e4 e6 2. d4 d5 3. exd5 exd5 4. Nf3 Nf6 5. Bg5 Be7 6. Bd3 Ne4 7. Bxe7 Qxe7 8. 0-0 0-0 9. Re1 Bg4 10. Nc3 Nxc3 11. Rxe7 Nxd1 12. Rxd1 Nd7 13. Rde1 Be6 14. Ng5 Rfe8 15. Bxh7+ Kf8 16. Rxe8+ Rxe8 17. Nxe6+ Rxe6 18. Rxe6 fxe6 19. Bd3 Kf7 20. f4 Nf6 21. Kf2 Ng4+ 22. Kf3 Nh6 23. g4 g6 24. h4 c6 25. g5 Ng8 26. Kg4 Ne7 27. h5 gxh5+ 28. Kxh5 Kg7 29. Kg4 b6 30. f5 exf5+ 31. Bxf5 c5 32. c3 a5 33. Kf4 cxd4 34. cxd4 Nc6 35. Be6 Nxd4 36. Bxd5 b5 37. Be4 Ne2+ 38. Ke3 Nc1 39. a3 Nb3 40. Kd3 b4 41. axb4 axb4 42. Bf5 Nc1+ 43. Kc2 Ne2 44. Kd2 Nd4 45. Be4 Ne6 46. g6 Nc5 47. Bb1 Na4 48. Kc1 b3 49. Bf5 Kf6 1/2-1/2

[Event "Klatovy op-B 23rd"]
[Site "Klatovy"]
[Date "2017.07.04"]
[Round "4"]
[White "Stanke, Vilem"]
[Black "Novy, Jan"]
[Result "1-0"]
[WhiteElo "1334"]
[BlackElo "1563"]
[PlyCount "65"]
[EventDate "2017.07.01"]
[EventType "swiss"]
[EventRounds "9"]
[EventCountry "CZE"]
[SourceTitle "EXT 2018"]
[Source "ChessBase"]
[SourceDate "2017.10.13"]
[SourceVersion "1"]
[SourceVersionDate "2017.10.13"]
[SourceQuality "1"]

1. e4 d5 2. exd5 Nf6 3. Nf3 Nxd5 4. d4 c6 5. c4 Nf6 6. Nc3 g6 7. Be3 Bg7 8. h3 0-0 9. Qd2 Re8 10. Bh6 Bh8 11. Be2 Nbd7 12. 0-0 b6 13. Rad1 Bb7 14. Rfe1 a6 15. a4 a5 16. Be3 Bg7 17. d5 cxd5 18. cxd5 Rc8 19. d6 e6 20. Nb5 Nd5 21. Bh6 Qf6 22. Bxg7 Qxg7 23. Nbd4 e5 24. Nb5 h6 25. Rc1 Rc5 26. Nc7 Rf8 27. Rxc5 Nxc5 28. Nxd5 Rd8 29. Bc4 Rxd6 30. Ne7+ Kf8 31. Qxd6 Ne4 32. Rxe4 Qh8 33. Nxg6+ 1-0

[Event "Klatovy op-B 23rd"]
[Site "Klatovy"]
[Date "2017.07.02"]
[Round "2"]
[White "Ostry, Michal"]
[Black "Stanke, Vilem"]
[Result "1-0"]
[WhiteElo "1743"]
[BlackElo "1334"]
[PlyCount "69"]
[EventDate "2017.07.01"]
[EventType "swiss"]
[EventRounds "9"]
[EventCountry "CZE"]
[SourceTitle "EXT 2018"]
[Source "ChessBase"]
[SourceDate "2017.10.13"]
[SourceVersion "1"]
[SourceVersionDate "2017.10.13"]
[SourceQuality "1"]

1. e4 e5 2. Nf3 Nc6 3. Bb5 a6 4. Ba4 Nf6 5. 0-0 b5 6. Bb3 Be7 7. Re1 0-0 8. c3 d5 9. exd5 Nxd5 10. Nxe5 Nxe5 11. Rxe5 c6 12. d4 Bd6 13. Re1 Qh4 14. g3 Qh3 15. Qf3 Be6 16. Nd2 Rae8 17. Qg2 Qh5 18. f3 Bh3 19. Qf2 Nf6 20. Ne4 Nxe4 21. fxe4 Kh8 22. Bf4 Bxf4 23. Qxf4 g5 24. Qf6+ Kg8 25. Re3 Be6 26. Bc2 Bd7 27. Rae1 Re6 28. Qf2 Qh6 29. e5 f6 30. Bb3 fxe5 31. Bxe6+ Bxe6 32. Qd2 Bd5 33. Rxe5 Qh3 34. Qe2 Bg2 35. Qxg2 1-0